| 000 | 00534nam a22002057a 4500 | ||
|---|---|---|---|
| 003 | OSt | ||
| 005 | 20140310182816.0 | ||
| 008 | 130228t xxu||||| |||| 00| 0 eng d | ||
| 020 | _a9780307338327 | ||
| 050 |
_aBT 304.9 _b.C549 2008 |
||
| 082 |
_aM 232 _2C46 2008 |
||
| 245 |
_aThe Third Jesus _bThe Christ We Cannot Ignore _cChopra, Deepak |
||
| 260 |
_aNew York _bThree Rivers Press _c2008 |
||
| 300 |
_a241P. _c20cm |
||
| 521 | _aCollege | ||
| 526 | _c1210L-1700L | ||
| 541 | _j1 | ||
| 562 | _e1 | ||
| 942 |
_2lcc _cBK _kM |
||
| 999 |
_c16269 _d16269 |
||